[Event "XIII Figueira da Foz Open 2019"]
[Site "Figueira da Foz"]
[Date "2019.10.27"]
[Round "1.12"]
[White "Rato, Eduardo"]
[Black "Gomez Dieguez, David"]
[Result "0-1"]
[WhiteElo "1693"]
[BlackElo "2336"]
[Annotator "TA"]
[PlyCount "62"]
[EventDate "2019.10.27"]
[EventType "swiss"]
[EventCountry "POR"]
[SourceTitle "playchess.com"]
[Source "ChessBase"]
[SourceQuality "1"]

{[%evp 12,92,83,79,132,140,124,60,63,65,57,63,50,-6,-32,-97,-96,-118,-43,-33,4,-149,-140,-314,-310,-296,-297,-289,-294,-292,-297,-281,-234,-235,-242,-242,-172,-252,-194,-197,-166,-250,-250,-292,-295,-335,-347,-408,-406,-400,-292,-510,-465,-544,-564,-687,-666,-665,-661,-665,-643,-669,-663,-688,-682,-843,-859,-838,-850,-822,-833,-991,-987,-963,-945,-893,-839,-29978,-29979,-29977,-29976,-29985,-29986]} 1. Nf3 Nf6 2. d4 c5 3. e3 b6 4. d5 Bb7 5. c4 e6 6. Nc3 exd5 7. cxd5 g6 {E14: Queen's Indian: Classical Variation (4 e3)} (7... Bd6 $142) 8. e4 $16 Bg7 {[#]} 9. Bg5 (9. e5 $1 $16 {[%cal Re5f6]} Ng4 10. Bg5) 9... h6 $14 {White is slightly better.} 10. Bh4 {Black must now prevent e5.} g5 11. Bg3 {And now Bd6 would win.} Qe7 $1 12. Nd2 $146 (12. e5 $14) ({Predecessor:} 12. e5 Nh5 13. Nb5 O-O 14. d6 Qe6 15. Nc7 {½-½ (58) Marchand,F (2237)-Rotstein,A (2557) Port Erin 2002}) 12... Nxd5 $1 $11 13. Nxd5 (13. Nb5 $1 $15 Nf4 14. Nc7+ Kf8 15. Bxf4 (15. Nxa8 Bxa8 16. Bxf4 gxf4 $11) 15... gxf4 16. Bb5 (16. Nxa8 Bxa8 17. Bd3 Bxb2 $11)) 13... Bxd5 $17 14. Bd3 O-O (14... Bxb2 $17 15. O-O Be6) 15. O-O $15 Bb7 16. Qc2 $2 (16. Nc4 $11) 16... Nc6 $36 {[%mdl 2048] Black is on the roll.} 17. Nc4 $2 (17. Rae1 $17) 17... Nb4 $19 18. Qd2 Nxd3 19. Qxd3 Qxe4 ({Much less strong is} 19... Bxe4 20. Qd2 $19) 20. Qxe4 Bxe4 21. Nd6 Bg6 22. Rad1 Bxb2 23. f4 a6 24. Kh1 (24. f5 {might work better.}) 24... gxf4 25. Bxf4 Bg7 26. h4 (26. Rd5 {was necessary.}) 26... b5 27. g4 c4 28. h5 Bd3 29. Rg1 Kh7 30. Kh2 Rae8 31. Rg3 $2 (31. Nxe8 {was the only chance.} Rxe8 32. Rg3) 31... Re2+ {Played: Bg7-e5} 0-1

[Event "XIII Figueira da Foz Open 2019"]
[Site "Figueira da Foz"]
[Date "2019.10.27"]
[Round "1.13"]
[White "Medarde Santiago, Luis Marcos"]
[Black "Barros Gutierrez, Angel Luis"]
[Result "1-0"]
[WhiteElo "2285"]
[BlackElo "2038"]
[Annotator "TA"]
[PlyCount "43"]
[EventDate "2019.10.27"]
[EventType "swiss"]
[EventCountry "POR"]
[SourceTitle "playchess.com"]
[Source "ChessBase"]
[SourceQuality "1"]

{[%evp 10,49,218,207,210,208,195,199,266,238,246,243,320,366,720,734,740,517,525,520,452,410,274,0,331,316,708,692,686,683,5589,5577,29987,2654,29994,29995,29995,29995,29997,29998,29998,29999]} 1. e4 c5 2. Nf3 Nc6 3. d4 e6 4. d5 exd5 5. exd5 Qe7+ 6. Be2 Ne5 {[#] B32: Sicilian: Löwenthal and Kalashnikov Variations} 7. O-O $1 d6 8. Re1 Bd7 (8... Qc7 $142 9. Nxe5 dxe5) 9. Na3 $18 O-O-O 10. Nc4 f6 $146 {[#]} ({Predecessor:} 10... Nxf3+ 11. Bxf3 Qh4 12. b3 Nf6 13. g3 Qh3 14. Bg2 Qf5 15. a4 Ng4 16. Be3 Nxe3 17. Rxe3 g6 18. a5 Qf6 19. Qd2 Bh6 {0-1 (19) Kohanov,B (2028)-Mosunov,Y Perm 2007}) 11. b4 $1 {[%mdl 512]} g5 $2 (11... Bf5 12. bxc5 dxc5 13. Nfxe5 fxe5) (11... cxb4 12. Be3) 12. bxc5 dxc5 13. Ncxe5 fxe5 14. Bxg5 Nf6 15. d6 Qg7 16. Be3 $2 ({White should try} 16. Nxe5 $18 Qxg5 17. Nf7) 16... Nh5 $2 {[%mdl 8192]} (16... Bc6 $1 $11 {and Black is okay.}) 17. Qd5 Nf4 $2 (17... Bc6 18. Qxe5 Nf6 19. Qxc5 Bxd6 20. Qxa7 Bb8) 18. Bxf4 exf4 19. Ne5 Be8 20. Bg4+ Kb8 {[#]} 21. d7 (21. Rab1 $142 $1 Bxd6 22. Bf3 Kc8 23. Rxb7 Bxe5 24. Qxc5+ {[%mdl 64] Double Attack} Qc7 25. Rxc7+ Bxc7 26. Qxa7) 21... Be7 {[#]} 22. Reb1 {Played: Ra1-b1} 1-0

[Event "XIII Figueira da Foz Open 2019"]
[Site "Figueira da Foz"]
[Date "2019.10.27"]
[Round "1.14"]
[White "Dias, Jose Oliveira Gaspar"]
[Black "Gavasheli, Ana"]
[Result "0-1"]
[WhiteElo "1562"]
[BlackElo "2240"]
[Annotator "ChessBase"]
[PlyCount "104"]
[EventDate "2019.10.27"]
[EventType "swiss"]
[EventCountry "POR"]
[SourceTitle "playchess.com"]
[Source "ChessBase"]
[SourceQuality "1"]
[TimeControl "40/5400+30:1800+30"]

1. d4 {[%emt 0:00:00]} d5 {[%emt 0:00:00]} 2. Bf4 {[%emt 0:00:00]} Nf6 {[%emt 0:00:00]} 3. e3 {[%emt 0:00:08]} g6 {[%emt 0:00:00]} 4. Be2 {[%emt 0:00:31]} Bg7 {[%emt 0:00:00]} 5. c3 {[%emt 0:00:39]} O-O {[%emt 0:00:17]} 6. h3 {[%emt 0:00:47]} c5 {[%emt 0:00:24]} 7. Nf3 {[%emt 0:00:25]} Nc6 {[%emt 0:00:33]} 8. O-O {[%emt 0:00:18]} Nd7 {[%emt 0:00:24]} 9. Nbd2 {[%emt 0:02:30]} e5 {[%emt 0:04:38]} 10. dxe5 {[%emt 0:01:00]} Ndxe5 {[%emt 0:00:17]} 11. Nb3 {[%emt 0:09:47]} b6 {[%emt 0:02:05]} 12. Qd2 {[%emt 0:04:07]} Nc4 {[%emt 0:07:13]} 13. Qc1 {[%emt 0:02:06]} Qe7 {[%emt 0:18:54]} 14. Rd1 {[%emt 0:02:41]} Rd8 {[%emt 0:00:51]} 15. Nbd2 {[%emt 0:07:38]} b5 {[%emt 0:08:29]} 16. Nf1 {[%emt 0:01:49]} b4 {[%emt 0:06:13]} 17. Bxc4 {[%emt 0:06:04]} dxc4 {[%emt 0:00:09]} 18. Rxd8+ {[%emt 0:00:21]} Nxd8 {[%emt 0:01:18]} 19. cxb4 {[%emt 0:03:46]} cxb4 {[%emt 0:00:23]} 20. Qxc4 {[%emt 0:06:43]} Bxb2 {[%emt 0:01:12]} 21. Rb1 {[%emt 0:02:50]} Bc3 {[%emt 0:01:15]} 22. Rd1 {[%emt 0:04:50]} Be6 {[%emt 0:15:31]} 23. Qe4 {[%emt 0:02:14]} Rc8 {[%emt 0:00:16]} 24. Ng3 {[%emt 0:06:53]} Nb7 {[%emt 0:04:46]} 25. Ng5 {[%emt 0:07:11]} Nc5 {[%emt 0:02:00]} 26. Qb1 {[%emt 0:00:58]} Rd8 {[%emt 0:07:11]} 27. Nxe6 {[%emt 0:00:33]} Nxe6 {[%emt 0:00:38]} 28. Rxd8+ {[%emt 0:04:43]} Qxd8 {[%emt 0:00:07]} 29. Bh6 {[%emt 0:00:33]} Qh4 {[%emt 0:00:54]} 30. Bf4 {[%emt 0:01:00]} Nxf4 {[%emt 0:00:07]} 31. exf4 {[%emt 0:00:45]} Qxf4 {[%emt 0:00:06]} 32. Ne2 {[%emt 0:07:31]} Qe5 {[%emt 0:02:31]} 33. Qc2 {[%emt 0:00:28]} a5 {[%emt 0:00:45]} 34. Qd3 {[%emt 0:06:24]} Bb2 {[%emt 0:00:55]} 35. Kf1 {[%emt 0:04:57]} Qc5 {[%emt 0:03:32]} 36. Qb3 {[%emt 0:00:52]} Bf6 {[%emt 0:00:44]} 37. Qa4 Kg7 {[%emt 0:00:58]} 38. Qb3 {[%emt 0:03:16]} Qe5 {[%emt 0:00:31]} 39. g3 {[%emt 0:00:52]} Qe6 {[%emt 0:00:26]} 40. Qa4 {[%emt 0:00:00]} Qxh3+ {[%emt 0:00:00]} 41. Kg1 {[%emt 0:02:36]} Qf5 {[%emt 0:00:50]} 42. Qb3 {[%emt 0:04:35]} Qe4 {[%emt 0:00:32]} 43. Nf4 {[%emt 0:01:31]} Bd4 {[%emt 0:00:29]} 44. Qd1 {[%emt 0:03:17]} h5 {[%emt 0:02:02]} 45. Ne2 {[%emt 0:00:55]} Bf6 {[%emt 0:00:27]} 46. Kf1 {[%emt 0:01:27]} Qh1+ {[%emt 0:00:09]} 47. Ng1 {[%emt 0:00:02]} Qc6 {[%emt 0:00:09]} 48. Qb3 {[%emt 0:03:44]} Qb5+ {[%emt 0:00:06]} 49. Kg2 {[%emt 0:00:29]} a4 {[%emt 0:00:04]} 50. Qb1 {[%emt 0:00:33]} Qd5+ {[%emt 0:00:38]} 51. Kf1 {[%emt 0:02:40]} b3 {[%emt 0:00:23]} 52. axb3 {[%emt 0:00:47]} Qxb3 {[%emt 0:00:05]} 0-1

[Event "XIII Figueira da Foz Open 2019"]
[Site "Figueira da Foz"]
[Date "2019.10.27"]
[Round "1.15"]
[White "Rey Malde, Henrique"]
[Black "Junior, Aguinaldo Vera Cruz"]
[Result "1/2-1/2"]
[WhiteElo "2209"]
[BlackElo "1558"]
[Annotator "TA"]
[PlyCount "68"]
[EventDate "2019.10.27"]
[EventType "swiss"]
[EventCountry "POR"]
[SourceTitle "playchess.com"]
[Source "ChessBase"]
[SourceQuality "1"]

{[%evp 9,68,37,122,62,50,50,74,73,78,81,106,112,102,68,129,122,123,87,109,33,53,53,72,65,92,85,86,96,112,104,134,142,144,119,258,242,268,273,475,471,396,260,454,430,436,382,477,481,512,351,355,364,354,276,346,352,432,351,1080,1067,1600]} 1. e4 e5 2. Nf3 Nc6 3. Bb5 Nd4 4. Nxd4 exd4 5. O-O Qg5 (5... Bc5 $14) 6. Be2 {C61: Ruy Lopez: Bird's Defence} (6. Ba4 $16) (6. Bc4 d6 7. Qf3 Qg6 8. c3 Bg4 9. Bxf7+ Qxf7 10. Qxg4 Nf6 11. Qf3 dxc3 12. Nxc3 O-O-O 13. d4 Qc4 {1-0 (39) Lopez Ramirez,D (1931)-Casas Cobos,J (1883) Pereira 2019}) 6... Bc5 $146 ({Predecessor:} 6... d6 7. d3 Qf6 8. Bg4 Be6 9. Bxe6 fxe6 10. Qh5+ Qf7 11. Qb5+ c6 12. Qc4 e5 13. Qxf7+ Kxf7 {1-0 (67) Zheng,W (1539)-Jago,S (1589) London 2015}) 7. d3 Qe7 8. Nd2 {White is better.} Nf6 9. Nb3 h6 10. a4 a6 11. a5 b5 (11... Ba7 $14) 12. axb6 $16 Bxb6 13. Ra4 c5 14. Kh1 ({White should try} 14. f4 $16) 14... d6 15. f4 Qd7 16. Ra1 Bb7 17. Bf3 O-O 18. Qe1 Qd8 19. Qg3 Qe7 20. f5 {e5! is the strong threat.} Kh7 21. Bf4 Bc7 {[#]} (21... Rfd8 $16 {might work better.} 22. Na5 Bxa5) 22. Nxc5 $1 $18 {[%mdl 512]} dxc5 23. Bxc7 {aiming for Bd6.} Rfc8 $2 (23... Ne8) 24. Bd6 Qd7 25. b3 {[%cal Bb2b3,Bb3b4][%mdl 32]} Rd8 $2 {[#]} (25... Ne8) 26. Bxc5 Rdc8 27. Ra5 Qd8 28. b4 Bc6 29. Qd6 Qxd6 30. Bxd6 Nd7 31. Ra2 Ra7 32. e5 Bb5 33. Bd5 Bxd3 $2 (33... Nf6) 34. cxd3 Rca8 {[%mdl 32768] Accuracy: White = 43%, Black = 28%. . An unexpected result.} 1/2-1/2

[Event "XIII Figueira da Foz Open 2019"]
[Site "Figueira da Foz"]
[Date "2019.10.27"]
[Round "1.16"]
[White "Dong, Rafael"]
[Black "Lisowski, Krzysztof"]
[Result "1/2-1/2"]
[WhiteElo "1486"]
[BlackElo "2179"]
[Annotator "TA"]
[PlyCount "38"]
[EventDate "2019.10.27"]
[EventType "swiss"]
[EventCountry "POR"]
[SourceTitle "playchess.com"]
[Source "ChessBase"]
[SourceQuality "1"]

{[%evp 9,38,26,20,14,35,33,37,-33,-24,-14,0,-14,-5,0,51,19,15,-79,-25,-62,-20,-108,-104,-101,-177,-357,-334,-461,-450,-712,-733]} 1. c4 e6 2. Nc3 d5 3. cxd5 exd5 4. d4 a6 5. Bf4 (5. Nf3 Nf6 6. Bg5 Be6 7. e3 Nbd7 8. Bd3 c6 9. Qb3 Qb6 10. Qxb6 Nxb6 11. Bxf6 gxf6 12. Nh4 a5 13. O-O-O Bb4 {1-0 (40) So,W (2767)-Demchenko,A (2655) Khanty-Mansiysk 2019}) 5... Nf6 6. e3 {D31: Queen's Gambit Declined: Semi-Slav without ...Nf6 (+ Marshall Gambit and Noteboom) and Exchange Variation lines without ...Nf6} c5 7. Nf3 c4 8. a4 ({Better is} 8. Ne5 $14) 8... Nc6 9. Be2 Bf5 $146 ({Predecessor:} 9... Bb4 10. O-O O-O 11. Bg5 Bxc3 12. bxc3 Bf5 13. Ne5 Re8 14. Bf3 Nxe5 15. dxe5 Rxe5 {0-1 (23) Pinazo Donoso,J (2112)-Garcia Roman,D (2242) Seville 1999}) 10. O-O Rc8 11. Ne5 Na5 (11... Bd6 $11) 12. g4 Be6 $1 13. f3 (13. Bg5 $11) 13... Be7 ({Black should try} 13... Ng8 $17 {Threatens to win with ...f6.} 14. g5 Bd6) 14. Qc2 Ng8 {White should prevent ...f6.} 15. g5 (15. e4 $11 {keeps the balance.}) 15... Bxg5 $17 16. Bxg5 Qxg5+ {[%mdl 64] [#] Double Attack} 17. Kf2 $2 (17. Kh1 {keeps fighting.} Qxe3 18. f4) 17... f6 $19 18. Ng4 h5 19. f4 (19. Nxf6+ $142 Qxf6 20. f4) 19... Qh4+ {[%mdl 32768] Accuracy: White = 20%, Black = 28%. . An unexpected result.} 1/2-1/2

[Event "XIII Figueira da Foz Open 2019"]
[Site "Figueira da Foz"]
[Date "2019.10.27"]
[Round "1.17"]
[White "Garcia Dorado, Alberto"]
[Black "Goncalves, Lucas Jordao"]
[Result "1-0"]
[WhiteElo "2170"]
[BlackElo "1447"]
[Annotator "TA"]
[PlyCount "51"]
[EventDate "2019.10.27"]
[EventType "swiss"]
[EventCountry "POR"]
[SourceTitle "playchess.com"]
[Source "ChessBase"]
[SourceQuality "1"]

{[%evp 12,95,31,45,37,37,75,72,70,78,62,61,96,96,96,89,97,81,101,77,82,82,77,73,68,66,99,70,68,73,86,68,126,69,158,137,129,133,135,63,86,70,128,145,153,154,160,128,132,127,127,63,143,81,174,141,154,158,164,143,159,144,162,115,149,130,233,229,511,257,234,243,341,341,331,215,256,221,234,229,418,385,419,418,29980,29981]} 1. d4 d5 2. c4 c6 3. Nf3 Nf6 4. Qc2 e6 5. Nbd2 Nbd7 6. g3 Bb4 7. Bg2 O-O {E01: Catalan: Early deviations} 8. O-O Ba5 (8... b6 9. e4 Bb7 10. Rd1 Be7 11. b3 Rc8 12. Bb2 Qc7 13. Rac1 Nxe4 14. Nxe4 dxe4 15. Qxe4 {½-½ (35) Sarana,A (2577)-Gholami,A (2489) Moscow 2018}) 9. e4 dxe4 $146 {White is better.} ({Predecessor:} 9... dxc4 10. Nxc4 Bc7 11. Rd1 Nb6 12. b3 h6 13. a4 Re8 14. Ba3 Nxc4 15. bxc4 {1-0 (22) Zurano Lopez,P (2300)-Sirvent Aguirre,D (2060) Spain 1997}) 10. Nxe4 Nxe4 11. Qxe4 Nf6 12. Qc2 h6 13. Rd1 Bc7 14. Ne5 Qe7 15. Be3 Rd8 16. f4 Bd7 17. h3 Rab8 18. Rac1 Ne8 19. Qf2 f6 20. Nd3 Nd6 21. g4 Nf7 (21... h5 $14) 22. Nc5 ({Better is} 22. d5 $16) 22... e5 ({Black should play} 22... h5 $14) 23. fxe5 fxe5 24. d5 {aiming for Nxb7!} cxd5 {White must now prevent ...d4.} 25. cxd5 ({White should try} 25. Nxd7 $16 Rxd7 26. Rxd5 (26. Bxd5 Kh8 $16) (26. Bxa7 Re8 $16)) 25... Rf8 26. Ne4 {Played: Nc5-a6} 1-0

[Event "XIII Figueira da Foz Open 2019"]
[Site "Figueira da Foz"]
[Date "2019.10.27"]
[Round "1.18"]
[White "Dong, Fabio"]
[Black "Roettgen, Juergen"]
[Result "0-1"]
[WhiteElo "1410"]
[BlackElo "2157"]
[Annotator "TA"]
[PlyCount "46"]
[EventDate "2019.10.27"]
[EventType "swiss"]
[EventCountry "POR"]
[SourceTitle "playchess.com"]
[Source "ChessBase"]
[SourceQuality "1"]

{[%evp 20,46,41,22,39,10,24,-5,0,-14,13,-15,21,0,12,-36,-24,-44,-25,-43,-10,-12,-15,-83,-66,-177,-173,-197,-183]} 1. c4 e6 2. Nc3 d5 3. d4 c5 4. cxd5 exd5 5. Nf3 Nf6 6. g3 Nc6 7. Bg2 c4 8. O-O Be7 9. Ne5 O-O 10. Bg5 Be6 11. e3 Rc8 {D34: Tarrasch Defence: 6 g3 Nf6 7 Bg2 Be7} 12. Nxc6 $146 ({Predecessor:} 12. f4 g6 13. Qf3 Ne8 14. Bh6 f6 15. Bxf8 Bxf8 16. Nxc4 Nxd4 17. exd4 dxc4 18. Qe3 Bf7 19. Bxb7 {1-0 (37) Ni,H (2654)-Qiao,L (2350) China 2007}) 12... bxc6 13. Qc2 Qd7 {The position is equal.} 14. Rfe1 Bf5 15. Qd2 (15. e4 $5 {[%cal Re4f5]} Bg6 16. Qe2 $11) 15... Rfd8 16. Bxf6 Bxf6 17. Rad1 h5 18. e4 dxe4 19. Nxe4 Qxd4 20. Nxf6+ Qxf6 21. Qb4 (21. Qf4 $11) 21... Bd3 22. Qb7 (22. Qc3 $15) 22... Rb8 $19 23. Qxa7 {intending b3.} Rxb2 {Accuracy: White =  2%, Black = 21%.} 0-1

[Event "XIII Figueira da Foz Open 2019"]
[Site "Figueira da Foz"]
[Date "2019.10.27"]
[Round "1.19"]
[White "Correia, Mario"]
[Black "Moes Joaquim, Carlos"]
[Result "*"]
[WhiteElo "2140"]
[BlackElo "1400"]
[Annotator "TA"]
[PlyCount "36"]
[EventDate "2019.10.27"]
[EventType "swiss"]
[EventCountry "POR"]
[SourceTitle "playchess.com"]
[Source "ChessBase"]
[SourceQuality "1"]

{[%evp 11,22,21,13,-8,8,-38,0,0,0,-15,-12,-14,11]} 1. d4 d5 2. Nf3 Nf6 3. g3 Bg4 4. Bg2 e6 5. O-O Nbd7 6. c4 c6 7. Bf4 {D11: Slav Defence: 3 Nf3 sidelines and 3...Nf6 4 e3 Bg4} (7. h3 Bf5 8. Nc3 h6 9. Nd2 Be7 10. e4 dxe4 11. Ndxe4 Nxe4 12. Nxe4 O-O 13. Be3 Qa5 14. a3 Qa6 {½-½ (45) Rodshtein,M (2668)-Eljanov,P (2680) Israel 2019}) 7... Be7 8. Nc3 h6 9. Qb3 {The position is equal.} Qb6 10. c5 Qxb3 11. axb3 O-O {Predecessor:} 12. b4 $146 a6 13. h3 Bf5 14. g4 Bh7 15. Nd2 Rfc8 16. Nb3 Bd8 17. Na5 Bc7 18. Bd2 Rab8 {½-½ (18) Mircic,I (2254)-Markovic,D (2242) Vrnjacka Banja 2013} *

[Event "XIII Figueira da Foz Open 2019"]
[Site "Figueira da Foz"]
[Date "2019.10.28"]
[Round "2.1"]
[White "Gomez Dieguez, David"]
[Black "Grigoryan, Karen H."]
[Result "1/2-1/2"]
[WhiteElo "2336"]
[BlackElo "2608"]
[Annotator "TA"]
[PlyCount "65"]
[EventDate "2019.10.27"]
[EventType "swiss"]
[EventCountry "POR"]
[SourceTitle "playchess.com"]
[Source "ChessBase"]
[SourceQuality "1"]

{[%evp 9,65,11,16,9,22,9,9,0,3,12,21,0,16,4,43,0,0,-46,-4,-31,35,40,20,8,148,176,182,170,185,188,172,168,218,195,215,220,227,210,281,260,267,162,159,159,162,162,162,156,173,165,147,119,129,120,164,155,162,162]} 1. e4 c6 2. d4 d5 3. e5 c5 4. dxc5 e6 5. a3 (5. Bd3 Bxc5 6. Qg4 Ne7 7. b4 h5 8. Qf4 Bb6 9. Nf3 Nbc6 10. Nbd2 a5 11. b5 Nb4 12. Ba3 Nxd3+ 13. cxd3 {1-0 (25) Dominguez Perez,L (2760)-Nepomniachtchi,I (2775) Dortmund 2019}) 5... Bxc5 6. b4 {B12: Caro-Kann: Advance Variation} Bb6 7. Qg4 Ne7 8. Qxg7 {The position is equal.} Rg8 9. Qxh7 {Black should prevent Nf3.} Bd4 10. Ra2 {[#] Hoping for Nf3.} Bxe5 11. Nf3 $36 {[%mdl 2048] White is more active.} Qc7 12. Bg5 $146 (12. c4 $5) ({Predecessor:} 12. c4 dxc4 13. Bxc4 Qxc4 {1-0 (32) Adair,J (2482)-Head,L (2060) Doncaster 2017}) 12... Nbc6 13. h4 Bd7 {[%mdl 1024] Black has compensation.} 14. Be2 Rh8 (14... Bg7 $15) 15. Qd3 $14 f6 16. Be3 O-O-O (16... Nf5 $11) 17. b5 $16 Na5 18. Nxe5 ({Not} 18. Bxa7 b6 $17) 18... fxe5 19. Bg5 ({Inferior is} 19. Bxa7 b6 $17) 19... Rde8 20. Qc3 Ng6 {[#]} 21. Qxc7+ $1 Kxc7 22. g3 Ref8 23. h5 Nc4 24. Bxc4 dxc4 25. a4 Rf5 26. Be3 Rhxh5 27. Rxh5 Rxh5 28. Nd2 c3 29. Ne4 Ne7 30. Nxc3 Nd5 31. Kd2 b6 32. Ne4 Be8 33. c4 {Accuracy: White = 69%, Black = 41%.} 1/2-1/2

[Event "XIII Figueira da Foz Open 2019"]
[Site "Figueira da Foz"]
[Date "2019.10.28"]
[Round "2.2"]
[White "Maiorov, Nikita"]
[Black "Djuric, Stefan"]
[Result "1-0"]
[WhiteElo "2517"]
[BlackElo "2356"]
[Annotator "TA"]
[PlyCount "135"]
[EventDate "2019.10.27"]
[EventType "swiss"]
[EventCountry "POR"]
[SourceTitle "playchess.com"]
[Source "ChessBase"]
[SourceQuality "1"]

{[%evp 13,135,19,50,24,31,22,16,12,20,0,26,9,29,26,43,37,55,43,71,71,87,89,81,60,77,40,101,108,105,107,101,121,116,117,147,122,112,105,105,80,81,80,80,62,70,68,71,68,74,74,74,40,58,58,60,60,60,60,67,62,74,72,85,89,100,79,100,100,100,100,100,100,100,100,100,100,104,104,114,111,106,104,117,100,102,106,107,107,104,100,108,91,92,92,90,90,90,83,83,83,83,75,75,72,75,72,75,75,75,75,68,68,75,75,191,184,12823,5631,12837,12835,12839,12840,12832,2249]} 1. d4 Nf6 2. c4 c6 3. Nc3 d5 4. e3 g6 5. Nf3 Bg7 6. Be2 O-O 7. O-O Be6 8. Ng5 {D94: Grünfeld: 4 Nf3 Bg7 5 e3} (8. cxd5 cxd5 9. Qb3 Qb6 10. Bd2 Nc6 11. Qxb6 axb6 12. Rfc1 Rfc8 13. b3 Ne4 14. Na4 Nxd2 15. Nxd2 Nb4 16. a3 Nc2 {1-0 (50) Gledura,B (2654)-Banusz,T (2626) Ajka 2019}) 8... Bc8 9. Qb3 e6 10. Qc2 {The position is equal.} Nbd7 11. Nf3 dxc4 12. Bxc4 Qc7 $146 ({Predecessor:} 12... c5 13. Rd1 Qe7 14. b3 b6 15. Ba3 Bb7 16. dxc5 Nxc5 17. Rac1 Rfd8 18. Qe2 Rxd1+ 19. Rxd1 Rd8 20. h3 Rxd1+ 21. Qxd1 {½-½ (19) Konaplev,A (2292)-Gandhi,A (2185) Nis 2019}) 13. b3 $36 {[%mdl 2048] White fights for an advantage.} b5 14. Bd3 b4 15. Na4 e5 16. Bb2 exd4 17. Bxd4 Bb7 18. Rac1 Rac8 19. Nc5 Nxc5 (19... Rfe8 $14) 20. Bxc5 $16 Rfd8 21. Bxb4 c5 22. Bc3 Bxf3 23. gxf3 Rd5 24. f4 Qd7 25. Be2 Qh3 {Black wants to play ...Ng4.} 26. Bxf6 Bxf6 27. Rcd1 Rcd8 28. Kh1 Bh4 {White should prevent ...Rxd1.} 29. Rxd5 Rxd5 30. Kg1 Kg7 31. Qc4 Qd7 32. Qc3+ Bf6 33. Qc1 $1 Rd2 34. Rd1 Rxd1+ 35. Bxd1 Qd5 36. Be2 h5 37. Bf1 h4 38. h3 a5 39. Bg2 Qd6 40. Bf3 Kg8 41. Qc4 Kg7 42. Bd5 Qc7 43. Kg2 Bd8 44. Qb5 Qd6 45. Bc4 Qc7 46. Qe8 {Bxf7! is the strong threat.} Bf6 47. Kf3 Qb7+ 48. Ke2 Qe7 49. Qc6 Bc3 50. Qd5 Bf6 51. Kd3 Qc7 52. Bb5 (52. Ke4 {with more complications.} Qe7+ 53. Kf3 Bc3 54. e4 Qf6 55. Kg4) 52... Qc8 53. Qd7 Qxd7+ 54. Bxd7 {[%mdl 4096] Endgame KB-KB} Bb2 55. Kc4 Ba3 56. Kb5 Bb4 57. Ka4 Kf6 58. e4 Ke7 59. Bb5 f6 60. Bc4 Kd6 61. a3 {[%cal Ba2a3,Ba3a4,Ba4a5,Ba5a6][%mdl 32]} Bd2 62. Kb5 Bxf4 63. Kxa5 Bc1 (63... Kc6 $16) 64. a4 $18 {[#] Threatens to win with Kb6.} Ke5 $2 (64... f5 65. exf5 gxf5) 65. Kb6 {White is clearly winning.} g5 66. a5 g4 67. a6 g3 68. Bf1 {Accuracy: White = 71%, Black = 53%.} (68. a7 $142 Kf4 69. a8=Q gxf2 70. Qg8) 1-0